000
00263ngm a2200109Ia 4500
008
180904s9999||||xx ||| | || ||und||
082
_a
070
_b
WHI/H
100
_a
White, Tony
245
0
_a
How to Make Animated Films
260
_a
New yark
_b
Focal Press
942
_c
DVD
999
_c
3041
_d
3041